Online katalóg knižníc regiónu Turca

Kráľ Svätopluk (Record no. 20959)

MARC details
000 -LEADER
fixed length control field 01470nam a2200397 a 4500
001 - CONTROL NUMBER
control field 20959
003 - CONTROL NUMBER IDENTIFIER
control field VRT
005 - DATE AND TIME OF LATEST TRANSACTION
control field 20260207114851.0
008 - FIXED-LENGTH DATA ELEMENTS--GENERAL INFORMATION
fixed length control field 251124s1937 xo slo c
015 ## - NATIONAL BIBLIOGRAPHY NUMBER
National bibliography number SKSNBA19191938-012024
035 ## - SYSTEM CONTROL NUMBER
System control number SK01SNKBSKHR20020091416
035 ## - SYSTEM CONTROL NUMBER
System control number SKM000093879
039 #9 - LEVEL OF BIBLIOGRAPHIC CONTROL AND CODING DETAIL [OBSOLETE]
Level of rules in bibliographic description 202511241304
Level of effort used to assign nonsubject heading access points VLOAD
Level of effort used to assign subject headings 202510291230
Level of effort used to assign classification VLOAD
Level of effort used to assign subject headings 201904040812
Level of effort used to assign classification AUTHORITY
Level of effort used to assign subject headings 201904031225
Level of effort used to assign classification AUTHORITY
040 ## - CATALOGING SOURCE
Original cataloging agency SNK
Language of cataloging slo
Transcribing agency SNK
Description conventions AACR2
041 1# - LANGUAGE CODE
Language code of text/sound track or separate title slo
044 ## - COUNTRY OF PUBLISHING/PRODUCING ENTITY CODE
MARC country code xo
080 ## - UNIVERSAL DECIMAL CLASSIFICATION NUMBER
Universal Decimal Classification number 885.4
Edition identifier 1. stred., slo
100 1# - MAIN ENTRY--PERSONAL NAME
Personal name Stodola, Ivan,
Dates associated with a name 1888-1977
Relationship aut
245 10 - TITLE STATEMENT
Title Kráľ Svätopluk
Remainder of title dráma v 3 dejstvách
Statement of responsibility, etc. Ivan Stodola
250 ## - EDITION STATEMENT
Edition statement 2. oprav. vyd.
260 ## - PUBLICATION, DISTRIBUTION, ETC.
Place of publication, distribution, etc. Martin
Name of publisher, distributor, etc. Matica slovenská
Date of publication, distribution, etc. 1937
Place of manufacture Martin
Manufacturer Kníhtlačiarsky účastinársky spolok
300 ## - PHYSICAL DESCRIPTION
Extent 69, [3] s.
Dimensions
490 0# - SERIES STATEMENT
Series statement Čítanie pre meštianske školy
Volume/sequential designation zv. 7
500 ## - GENERAL NOTE
General note Frontispice
650 07 - SUBJECT ADDED ENTRY--TOPICAL TERM
Topical term or geographic name entry element slovenská dráma
655 #7 - INDEX TERM--GENRE/FORM
Genre/form data or focus term umelecká literatúra
Source of term SNKPH
830 #0 - SERIES ADDED ENTRY--UNIFORM TITLE
Uniform title Čítanie pre meštianske školy
942 ## - ADDED ENTRY ELEMENTS (KOHA)
Source of classification or shelving scheme Dewey Decimal Classification
Koha item type Krásna literatúra pre dospelých
Suppress in OPAC No
949 ## - LOCAL PROCESSING INFORMATION (OCLC)
6 17A0540658
a snkSD 4089/7 D1
b snkD 1784/60
q rekatalogizácia
949 ## - LOCAL PROCESSING INFORMATION (OCLC)
6 17A0540590
a snkSD 4089/7 D2
b snkF 5588/62
q rekatalogizácia
949 ## - LOCAL PROCESSING INFORMATION (OCLC)
6 273K0372108
a svkpoA 18134
b svkpo41778
Holdings
Stav vyradenia Strata Poškodenie Spôsob nadobudnutia Domovská knižnica Aktuálna knižnica Dátum nadobudnutia Total checkouts Čiarový kód exemplára Date last seen Typ exemplára Verejná poznámka
      Dar Obecná knižnica Horná Štubňa Obecná knižnica Horná Štubňa 07.02.2026   4736201130 07.02.2026 Krásna literatúra pre dospelých divadelná hra
Projekt je podporený Slovenskou asociáciou knižníc
Prevádzkuje Turčianska knižnica Martin 2026